<?xml version="1.0" encoding="UTF-8"?>
<record
    xmlns:xsi="http://www.w3.org/2001/XMLSchema-instance"
    xsi:schemaLocation="http://www.loc.gov/MARC21/slim http://www.loc.gov/standards/marcxml/schema/MARC21slim.xsd"
    xmlns="http://www.loc.gov/MARC21/slim">

  <leader>00736nam a22001817a 4500</leader>
  <controlfield tag="005">20230912111630.0</controlfield>
  <datafield tag="010" ind1=" " ind2=" ">
    <subfield code="a">HIN-125893</subfield>
  </datafield>
  <datafield tag="020" ind1=" " ind2=" ">
    <subfield code="a">9788195767724</subfield>
    <subfield code="c">289.00</subfield>
  </datafield>
  <datafield tag="035" ind1=" " ind2=" ">
    <subfield code="a">HN-98239</subfield>
  </datafield>
  <datafield tag="082" ind1=" " ind2=" ">
    <subfield code="a">821</subfield>
  </datafield>
  <datafield tag="100" ind1=" " ind2=" ">
    <subfield code="a">&#x938;&#x93F;&#x902;&#x939;&#x93E;,&#x905;&#x902;&#x91C;&#x941;</subfield>
    <subfield code="9">56311</subfield>
  </datafield>
  <datafield tag="245" ind1=" " ind2=" ">
    <subfield code="a">&#x91C;&#x92C; &#x92E;&#x94C;&#x928; &#x92E;&#x941;&#x916;&#x930; &#x939;&#x94B; &#x91C;&#x93E;&#x924;&#x93E; &#x939;&#x948; /</subfield>
    <subfield code="c">&#x905;&#x902;&#x91C;&#x941; &#x938;&#x93F;&#x902;&#x939;&#x93E;,</subfield>
  </datafield>
  <datafield tag="260" ind1=" " ind2=" ">
    <subfield code="b">&#x928;&#x935;&#x930;&#x902;&#x917; &#x92A;&#x94D;&#x930;&#x93F;&#x902;&#x91F;&#x930;&#x94D;&#x938; </subfield>
    <subfield code="c">2022</subfield>
    <subfield code="a">&#x92E;&#x941;&#x91C;&#x93C;&#x92B;&#x94D;&#x92B;&#x930;&#x928;&#x917;&#x930;</subfield>
  </datafield>
  <datafield tag="270" ind1=" " ind2=" ">
    <subfield code="a">37-B, &#x928;&#x908; &#x92E;&#x902;&#x921;&#x940;,</subfield>
    <subfield code="b">&#x92E;&#x941;&#x91C;&#x93C;&#x92B;&#x94D;&#x92B;&#x930;&#x928;&#x917;&#x930;</subfield>
    <subfield code="e">251001</subfield>
  </datafield>
  <datafield tag="300" ind1=" " ind2=" ">
    <subfield code="a">40 &#x92A;&#x943;.</subfield>
    <subfield code="c">22  &#x938;&#x947;&#x92E;&#x940;.(&#x905;&#x91C;&#x93F;&#x932;&#x94D;&#x926;)</subfield>
  </datafield>
  <datafield tag="700" ind1=" " ind2=" ">
    <subfield code="a">&#x906;&#x917;&#x94D;&#x930;&#x935;&#x93E;&#x932;,&#x926;&#x940;&#x92A;&#x915;</subfield>
    <subfield code="9">55805</subfield>
  </datafield>
  <datafield tag="942" ind1=" " ind2=" ">
    <subfield code="2">ddc</subfield>
    <subfield code="c">HN</subfield>
    <subfield code="h">821</subfield>
    <subfield code="m">&#x938;&#x93F;&#x902;&#x939;&#x93E;&#x905;</subfield>
  </datafield>
  <datafield tag="999" ind1=" " ind2=" ">
    <subfield code="c">198004</subfield>
    <subfield code="d">198004</subfield>
  </datafield>
  <datafield tag="952" ind1=" " ind2=" ">
    <subfield code="0">0</subfield>
    <subfield code="1">0</subfield>
    <subfield code="4">0</subfield>
    <subfield code="7">0</subfield>
    <subfield code="8">NFIC</subfield>
    <subfield code="a">DBAD</subfield>
    <subfield code="b">M</subfield>
    <subfield code="d">2023-09-12</subfield>
    <subfield code="e">DBAD/PUB</subfield>
    <subfield code="g">289.00</subfield>
    <subfield code="l">0</subfield>
    <subfield code="o">821 &#x938;&#x93F;&#x902;&#x939;&#x93E;&#x905;</subfield>
    <subfield code="p">HN-98239</subfield>
    <subfield code="r">2023-09-12 00:00:00</subfield>
    <subfield code="t">1</subfield>
    <subfield code="v">289.00</subfield>
    <subfield code="w">2023-09-12</subfield>
    <subfield code="y">HN</subfield>
  </datafield>
</record>
